| 000 | 00745nam a2200217 a 4500 | ||
|---|---|---|---|
| 001 | 000035225 | ||
| 005 | 20200930074205.0 | ||
| 008 | 111026s1964 mx 000 0 spa d | ||
| 040 |
_aDO-SdBNP _bspa _cBNPHU |
||
| 082 |
_axxx _bG675h |
||
| 100 | 1 |
_aGorz, André _960976 |
|
| 240 | 0 | 1 | _aLa morale de l´histoire |
| 245 | 1 | 0 |
_aHistoria y enajenación. / _cAndré Gorz; traducción Julieta Campos. |
| 260 |
_aBuenos Aires, : _bFondo de cultura económica, _c1964. |
||
| 300 |
_a350 p. ; _c17 cm. |
||
| 490 | 1 | _aColección popular | |
| 590 | _aPerteneció a la biblioteca personal de Juan Isidro Jimenes Grullón. | ||
| 500 | _aPrimera edición en francés 1959 | ||
| 700 | 1 |
_aCampos, Julieta _etrad _933624 |
|
| 830 | 0 |
_aColección popular _960354 |
|
| 999 |
_c34716 _d34716 |
||